000 01870cam a22005054i 4500
003 PE-LiUPU
005 20250731173219.0
008 150625s r 000 0 d
020 _a0826700268
035 _a(Sirsi) i9780826700261
040 _aPE-LiUPU
_bspa
_cPE-LiUPU
_erda
049 _aPRUA
082 0 4 _a220.05
_bUBST12
_221
100 1 _aBratcher, Robert G.,
_eautor.
245 1 0 _aMarginal Notes For The New Testament /
_cRobert G. Bratcher.
264 1 _a New York :
_bUnited Bible Societies,
_c1980.
300 _a125 páginas ;
_c24 centímetros
336 _atext
_2rdacontent
337 _aunmediated
_2rdamedia
338 _avolume
_2rdacarrier
490 0 _aUnited Bible Societies. Technical Helps
505 0 _aNotas Marginales. -Mateo - Apocalipsis.
526 _aSEG42
526 _aSEG41
526 _aSEG40
526 _aSEG39
526 _aP94
526 _aP87
526 _aP86
526 _aP85
526 _aP77
526 _aP76
526 _aP35
630 _aBiblia.
_pN.T.
_pTransliteración.
630 _aBiblia.
_pN.T.
_xCritica textual.
942 _2ddc
_cBOOK
949 _a220.05 UBST 12
_wDEWEY
_c1
_i38628
_lCCODEBUL1
_mBUL
_r0
_sY
_tBOOK
_u2015-6-25
_xTEOLOGIA
_PP35
_0COMPRA
_o.STAFF. Colección General
949 _a220.05 UBST 12
_wDEWEY
_c2
_i38627
_lCCODEBUL1
_mBUL
_r0
_sY
_tBOOK
_u2015-6-25
_xTEOLOGIA
_PP35
_0COMPRA
_o.STAFF. Colección General
994 _aC0
_bPEPRU
596 _a1
999 _a220.05 UBST 12
_wDEWEY
_c41168
_i38628
_f2021-11-9
_g5
_lCCODEBUL1
_mBUL
_r0
_sY
_tBOOK
_u2015-6-25
_xTEOLOGIA
_PP35
_0COMPRA
_o.STAFF. Colección General
_d41168
999 _a220.05 UBST 12
_wDEWEY
_c2
_i38627
_f2021-11-9
_g5
_lCCODEBUL1
_mBUL
_r0
_sY
_tBOOK
_u2015-6-25
_xTEOLOGIA
_PP35
_0COMPRA
_o.STAFF. Colección General
980 _81
_gALBERTO SANCHEZ Responsable de Automatización